|
|
|
|
| LEADER |
00000nam a22000007a 4500 |
| 005 |
2020060100020.0 |
| 007 |
cr|||| |||| |
| 008 |
200601s2020 es |||||s|||| 00||0 spa d |
| 020 |
|
|
|a 978-84-1324-697-0
|
| 035 |
|
|
|a 31562
|
| 040 |
|
|
|a vLex
|
| 090 |
|
|
|c 10483
|d 10483
|
| 100 |
1 |
|
|a Abad Alcal,̀ Leopoldo
|
| 245 |
1 |
3 |
|a Las libertades informativas en el m̀bito internacional
|h [Recurso electrn̤ico] /
|c Leopoldo Abad Alcal̀
|
| 256 |
|
|
|a Servicio en ln̕ea
|
| 260 |
|
|
|a Madrid:
|b Dykinson,
|c 2020
|
| 300 |
|
|
|a 1 recurso electrn̤ico
|
| 506 |
1 |
|
|a Disponible solo en los productos indicados
|d vLex Global
|d vLex Global (Academic Edition, excluding Law Schools)
|d vLex Global (U.S. Academic Edition, Law Schools)
|d vLex Global (U.S. Academic Edition, excluding Law Schools)
|d vLex Global (Academic Edition, Law Schools)
|
| 650 |
0 |
4 |
|a Derecho de las Nuevas Tecnologa̕s
|z Espaą
|
| 650 |
0 |
4 |
|a Derecho Constitucional
|z Espaą
|
| 650 |
0 |
4 |
|a Derecho Internacional
|z Espaą
|
| 740 |
0 |
|
|a vLex Libros (Servicio en ln̕ea)
|
| 856 |
4 |
0 |
|u http://vlex.com/source/libertades-informativas-ambito-internacional-31562
|z Acceso restringido
|
| 942 |
|
|
|c BOOK
|
| 999 |
0 |
|
|a Law of New Technologies
|
| 999 |
0 |
|
|a Constitutional Law
|
| 999 |
0 |
|
|a International Law
|